[Event "Open 150' Unita' d'Italia B"]
[Site "Torino ITA"]
[Date "2011.06.02"]
[Round "4"]
[White "Abbura', Davide"]
[Black "Manunta, Andrea"]
[Result "1/2-1/2"]
[WhiteElo "1706"]
[BlackElo "1882"]
[PlyCount "94"]
[EventDate "2011.05.31"]

1. e4 e6 2. d4 d5 3. e5 c5 4. c3 Nc6 5. Nf3 Qb6 6. Be2 Nh6 7. O-O cxd4 8. cxd4
Nf5 9. Nc3 Nfxd4 10. Na4 Nxe2+ 11. Qxe2 Qa5 12. Nc3 a6 13. a3 Bd7 14. b4 Qd8
15. Bb2 Be7 16. Rac1 O-O 17. Qe3 Na7 18. Nd4 a5 19. b5 Qe8 20. a4 Nc8 21. Nce2
Nb6 22. Nxe6 Nc4 23. Rxc4 dxc4 24. Nxf8 Bxf8 25. Rc1 Be6 26. Ba3 Bxa3 27. Qxa3
Qd7 28. Qd6 Qxd6 29. exd6 Rc8 30. Nc3 Kf8 31. f3 Ke8 32. Kf2 Rd8 33. Rd1 Bf5
34. Ne4 Bxe4 35. fxe4 Kd7 36. Rc1 Rc8 37. Ke3 Kxd6 38. Kd4 b6 39. Rxc4 Rxc4+
40. Kxc4 Ke5 41. Kd3 h5 42. g3 g5 43. Ke3 g4 44. Kd3 f6 45. Ke3 f5 46. exf5
Kxf5 47. Kd4 Ke6 1/2-1/2

[Event "Open 150' Unita' d'Italia B"]
[Site "Torino ITA"]
[Date "2011.06.02"]
[Round "4"]
[White "Cacinschi, Alexandru"]
[Black "Mantovan, Giuseppe"]
[Result "1-0"]
[WhiteElo "1974"]
[BlackElo "1837"]
[PlyCount "105"]
[EventDate "2011.05.31"]

1. d4 d5 2. c4 c6 3. Nc3 Nf6 4. Nf3 a6 5. cxd5 cxd5 6. Bf4 Nc6 7. e3 e6 8. Rc1
Bb4 9. Bd3 O-O 10. O-O Bd7 11. Qb3 Bxc3 12. Rxc3 b5 13. Rfc1 Qb6 14. Bb1 Rfc8
15. Bg5 Ne4 16. Bxe4 dxe4 17. Nd2 Na5 18. Rxc8+ Rxc8 19. Rxc8+ Bxc8 20. Qc2 Bb7
21. Nxe4 Qc6 22. Qxc6 Bxc6 23. Nc5 Nc4 24. b3 Nd2 25. Nxa6 Be4 26. Nc5 Bb1 27.
a4 bxa4 28. bxa4 Ne4 29. Nxe4 Bxe4 30. f3 Bb7 31. Kf2 Kf8 32. e4 Ke8 33. Ke3
Kd7 34. Kd3 Kc7 35. Bd2 Kb6 36. Ke3 h6 37. Kf4 Kc6 38. Bc3 f6 39. Bb4 g5+ 40.
Ke3 Kd7 41. g3 h5 42. h4 Ke8 43. Bd2 Kf7 44. Kd3 gxh4 45. gxh4 Ke7 46. Kc4 Kd7
47. d5 Ba6+ 48. Kc5 exd5 49. exd5 Be2 50. f4 Bf3 51. a5 Kc7 52. a6 Be2 53. Ba5+
1-0

[Event "Open 150' Unita' d'Italia B"]
[Site "Torino ITA"]
[Date "2011.06.02"]
[Round "4"]
[White "Casarin, Renato"]
[Black "Blundo, Michele"]
[Result "0-1"]
[WhiteElo "1587"]
[BlackElo "1728"]
[PlyCount "56"]
[EventDate "2011.05.31"]

1. d4 d5 2. c4 c6 3. Nf3 Nf6 4. Bg5 e6 5. e3 Be7 6. Nc3 Nbd7 7. cxd5 exd5 8.
Bd3 h6 9. Bh4 O-O 10. Qc2 Re8 11. O-O Ne4 12. Bxe7 Qxe7 13. Nd2 Ndf6 14. Ncxe4
dxe4 15. Be2 Nd5 16. Kh1 f5 17. Bh5 Rf8 18. Rae1 Nb4 19. Qb1 Nd3 20. Rd1 Qh4
21. Nxe4 fxe4 22. Rxd3 exd3 23. Bg6 d2 24. g3 Qg4 25. f4 Qe2 26. Qd3 Bg4 27.
Qb3+ Kh8 28. Bd3 Bf3+ 0-1

[Event "Open 150' Unita' d'Italia B"]
[Site "Torino ITA"]
[Date "2011.06.02"]
[Round "4"]
[White "Cepparrone, Daniele"]
[Black "Maschietti, Giampaolo"]
[Result "1-0"]
[WhiteElo "1665"]
[BlackElo "1422"]
[PlyCount "41"]
[EventDate "2011.05.31"]

1. e4 c5 2. c3 d5 3. exd5 Qxd5 4. d4 Nf6 5. Nf3 Bg4 6. Be2 Nc6 7. O-O e6 8. Be3
cxd4 9. cxd4 Rd8 10. Nc3 Qd7 11. Ne5 Nxe5 12. dxe5 Bxe2 13. Qxe2 Nd5 14. Nxd5
Qxd5 15. Rfd1 Qa5 16. Rxd8+ Qxd8 17. Rd1 Qa5 18. Qc4 Be7 19. Qc8+ Bd8 20. Qd7+
Kf8 21. Qxd8+ 1-0

[Event "Open 150' Unita' d'Italia B"]
[Site "Torino ITA"]
[Date "2011.06.02"]
[Round "4"]
[White "Giacchino, Claudio"]
[Black "D'Amato, Piergiorgio"]
[Result "0-1"]
[WhiteElo "1664"]
[BlackElo "1855"]
[PlyCount "70"]
[EventDate "2011.05.31"]

1. e4 e6 2. d4 d5 3. e5 c5 4. c3 Nc6 5. Nf3 Qb6 6. Bd3 Bd7 7. Bc2 Rc8 8. O-O
cxd4 9. cxd4 Nb4 10. Nc3 Nxc2 11. Qxc2 Ne7 12. Be3 Nf5 13. Rac1 Bb4 14. g4 Ne7
15. h3 g6 16. Bh6 Bb5 17. Rfe1 Rc4 18. Qd2 Rg8 19. Red1 Nc6 20. Qf4 Nd8 21. Ng5
Be7 22. b3 Rc6 23. Nxh7 Rh8 24. Nf6+ Bxf6 25. exf6 Kd7 26. Kg2 Qa5 27. Nxb5
Qxb5 28. h4 Qe2 29. Kg3 Rxc1 30. Rxc1 Nc6 31. g5 Qd3+ 32. f3 Qxd4 33. Qxd4 Nxd4
34. Kg4 Nf5 35. Bg7 Rxh4# 0-1

[Event "Open 150' Unita' d'Italia B"]
[Site "Torino ITA"]
[Date "2011.06.02"]
[Round "4"]
[White "Guerra, Mirko"]
[Black "Militello, Michele"]
[Result "1/2-1/2"]
[WhiteElo "1674"]
[BlackElo "1811"]
[PlyCount "67"]
[EventDate "2011.05.31"]

1. d3 e5 2. Nf3 d6 3. g3 Be7 4. Bg2 Nf6 5. O-O c6 6. c4 Qc7 7. Nbd2 h6 8. b4
Be6 9. Bb2 O-O 10. c5 Nbd7 11. cxd6 Bxd6 12. a3 Rad8 13. Rc1 Qb8 14. Nc4 Bc7
15. Qc2 Rfe8 16. Rfd1 Nh7 17. e4 Nhf8 18. d4 exd4 19. Nxd4 Bxc4 20. Qxc4 Nb6
21. Qb3 Be5 22. f4 Bxd4+ 23. Bxd4 Ne6 24. Be5 Qa8 25. Bh3 Nd7 26. Bc7 Nxc7 27.
Rxd7 Rxd7 28. Bxd7 Re7 29. Bf5 Qe8 30. e5 Ne6 31. Rd1 g6 32. Bc2 Rd7 33. Rxd7
Qxd7 34. Qd3 1/2-1/2

[Event "Open 150' Unita' d'Italia B"]
[Site "Torino ITA"]
[Date "2011.06.02"]
[Round "4"]
[White "Gussone, Claudio"]
[Black "Labarthe, Arnaud"]
[Result "0-1"]
[WhiteElo "1773"]
[BlackElo "1877"]
[PlyCount "56"]
[EventDate "2011.05.31"]

1. b3 e5 2. Bb2 Nc6 3. e3 Nf6 4. Bb5 Bd6 5. Ne2 a6 6. Bxc6 dxc6 7. O-O Qe7 8.
d4 Bg4 9. f3 Bh5 10. c4 O-O-O 11. a3 e4 12. f4 g5 13. Qe1 c5 14. d5 Bxe2 15.
Qxe2 gxf4 16. exf4 Rdg8 17. Nc3 Rg6 18. Rac1 Re8 19. g3 h5 20. Nd1 h4 21. Ne3
hxg3 22. Nf5 gxh2+ 23. Kh1 Qd8 24. Qc2 Reg8 25. Nxd6+ Qxd6 26. Bxf6 Qxf6 27.
Qxe4 Rg1+ 28. Rxg1 hxg1=Q+ 0-1

[Event "Open 150' Unita' d'Italia B"]
[Site "Torino ITA"]
[Date "2011.06.02"]
[Round "4"]
[White "Iacomussi, Mario"]
[Black "Bisi, Riccardo"]
[Result "0-1"]
[WhiteElo "1755"]
[BlackElo "1694"]
[PlyCount "44"]
[EventDate "2011.05.31"]

1. e4 e5 2. Nf3 Nc6 3. Bc4 Bc5 4. O-O Nf6 5. c3 O-O 6. Re1 d6 7. d4 Bg4 8. h3
Bxf3 9. Qxf3 exd4 10. Bf4 dxc3 11. Qxc3 d5 12. exd5 Bb4 13. dxc6 Bxc3 14. Nxc3
Qd4 15. cxb7 Rab8 16. Bxc7 Rxb7 17. Be5 Qxc4 18. b3 Qc5 19. Na4 Qa5 20. Bc3 Qf5
21. Re5 Qd7 22. Rc5 Ne4 0-1

[Event "Open 150' Unita' d'Italia B"]
[Site "Torino ITA"]
[Date "2011.06.02"]
[Round "4"]
[White "Ivaldo, Fabrizio"]
[Black "De Renzi, Giuseppe"]
[Result "1-0"]
[WhiteElo "1925"]
[BlackElo "1550"]
[PlyCount "59"]
[EventDate "2011.05.31"]

1. e4 d6 2. d4 Nf6 3. Nc3 g6 4. Bg5 Bg7 5. f4 c5 6. e5 Nfd7 7. exd6 f6 8. Bh4
O-O 9. Bc4+ Kh8 10. dxe7 Qxe7+ 11. Qe2 Qxe2+ 12. Ngxe2 Nb6 13. Bb3 c4 14. Ba4
Nxa4 15. Nxa4 Re8 16. Nac3 Nc6 17. O-O-O b5 18. Rhe1 Bg4 19. h3 Bxe2 20. Rxe2
Rxe2 21. Nxe2 Nb4 22. Nc3 Rb8 23. a3 Na6 24. Nd5 f5 25. Nf6 Rf8 26. Nd7 Re8 27.
Ne5 Nc7 28. d5 Kg8 29. d6 Ne6 30. d7 1-0

[Event "Open 150' Unita' d'Italia B"]
[Site "Torino ITA"]
[Date "2011.06.02"]
[Round "4"]
[White "Martin, Tiziano"]
[Black "Figari, Andrea"]
[Result "1-0"]
[WhiteElo "1936"]
[BlackElo "1841"]
[PlyCount "63"]
[EventDate "2011.05.31"]

1. d4 d5 2. Nf3 Nf6 3. Bg5 e6 4. Nbd2 Be7 5. e3 Nbd7 6. Bd3 O-O 7. c3 c5 8. Ne5
h6 9. Bxf6 Nxe5 10. Bxe5 c4 11. Bc2 f5 12. g4 Bf6 13. Bxf6 Qxf6 14. gxf5 exf5
15. Qh5 Bd7 16. Nf3 g5 17. Ne5 Be8 18. Qf3 Qe6 19. O-O-O a5 20. Rdg1 Kh8 21. h4
g4 22. Qf4 Bh5 23. b3 cxb3 24. Bxb3 Qd6 25. Kd2 Ra6 26. Nd3 Qc6 27. Qe5+ Qf6
28. Bxd5 Qxe5 29. Nxe5 Rb6 30. Rb1 Rd6 31. Bxb7 Re8 32. Nc4 1-0

[Event "Open 150' Unita' d'Italia B"]
[Site "Torino ITA"]
[Date "2011.06.02"]
[Round "4"]
[White "Paoli, Mario"]
[Black "Di Chiara, Mauro"]
[Result "1/2-1/2"]
[WhiteElo "1802"]
[BlackElo "1955"]
[PlyCount "90"]
[EventDate "2011.05.31"]

1. c4 g6 2. Nc3 Bg7 3. d4 d6 4. Nf3 Nf6 5. e4 O-O 6. Be2 e5 7. d5 a5 8. Bg5 h6
9. Bd2 Na6 10. Qc1 Kh7 11. Bd3 Nc5 12. Bc2 Bd7 13. h3 Nh5 14. g4 Nf4 15. Bxf4
exf4 16. Qxf4 Qe7 17. O-O Rae8 18. Rfe1 Bc8 19. Kg2 Nd7 20. Ba4 Ne5 21. Bxe8
Nd3 22. Qe3 Nxe1+ 23. Rxe1 Rxe8 24. b3 f5 25. gxf5 gxf5 26. Qd3 Rg8 27. Kf1
Bxc3 28. Qxc3 fxe4 29. Nd2 Bf5 30. Re3 b6 31. Rg3 Qh4 32. Rxg8 Kxg8 33. Kg2 Kf7
34. Qg3 Qg5 35. Nf1 Kf6 36. Ne3 Qxg3+ 37. Kxg3 Ke5 38. Ng4+ Bxg4 39. Kxg4 Kd4
40. h4 Kd3 41. Kf4 Kd4 42. h5 b5 43. Kf5 bxc4 44. bxc4 Kd3 45. a4 Kd4 1/2-1/2

[Event "Open 150' Unita' d'Italia B"]
[Site "Torino ITA"]
[Date "2011.06.02"]
[Round "4"]
[White "Razzano, Lorenzo"]
[Black "Bisi, Samuele"]
[Result "0-1"]
[WhiteElo "1951"]
[BlackElo "1940"]
[PlyCount "50"]
[EventDate "2011.05.31"]

1. e4 e5 2. Nf3 Nc6 3. Bb5 f5 4. Qe2 Nf6 5. Bxc6 dxc6 6. d3 fxe4 7. dxe4 Bg4 8.
Bg5 Bb4+ 9. c3 Bc5 10. Nbd2 Qe7 11. O-O O-O-O 12. b4 Bd6 13. Nc4 h6 14. Bxf6
gxf6 15. Ne3 h5 16. h3 Qh7 17. Qc4 Rdg8 18. Kh2 f5 19. Ng1 f4 20. Nxg4 hxg4 21.
f3 gxh3 22. Qe6+ Kb8 23. Nxh3 Qh4 24. Rg1 Qg3+ 25. Kh1 Rg6 0-1

[Event "Open 150' Unita' d'Italia B"]
[Site "Torino ITA"]
[Date "2011.06.02"]
[Round "4"]
[White "Riccardi, Mauro"]
[Black "Negro, Francesco P."]
[Result "0-1"]
[WhiteElo "1833"]
[BlackElo "1784"]
[PlyCount "62"]
[EventDate "2011.05.31"]

1. d4 f5 2. Nc3 Nf6 3. Bg5 g6 4. Nf3 Bg7 5. e3 O-O 6. Bc4+ e6 7. d5 Qe7 8. O-O
a6 9. Qd2 h6 10. dxe6 dxe6 11. Bf4 Kh8 12. Ne5 Kh7 13. Rad1 Nh5 14. Be2 Nxf4
15. exf4 Nd7 16. Nxd7 Rd8 17. Qe3 Bxd7 18. Nd5 Qf7 19. Nxc7 Rac8 20. Qb6 Bc6
21. Rxd8 Rxd8 22. Bc4 Bd4 23. Qa5 b6 24. Qxa6 Qxc7 25. Bxe6 Bxb2 26. Qc4 Qb7
27. f3 Bd5 28. Bxd5 Qxd5 29. Qc7+ Rd7 30. Qb8 Qd4+ 31. Kh1 Qf2 0-1

[Event "Open 150' Unita' d'Italia B"]
[Site "Torino ITA"]
[Date "2011.06.03"]
[Round "5"]
[White "Bisi, Riccardo"]
[Black "Paoli, Mario"]
[Result "0-1"]
[WhiteElo "1694"]
[BlackElo "1802"]
[PlyCount "46"]
[EventDate "2011.05.31"]

1. e4 g6 2. d4 Bg7 3. Nf3 d6 4. Nc3 a6 5. Bd3 Nf6 6. O-O O-O 7. Re1 Nc6 8. Bf4
Bg4 9. Be2 Nd7 10. d5 Nce5 11. Nxe5 Bxe2 12. Qxe2 Nxe5 13. Bxe5 Bxe5 14. Qd2
Qd7 15. f4 Bg7 16. g3 c6 17. Rab1 c5 18. b3 b5 19. Qe3 Bd4 20. Qxd4 cxd4 21.
Ne2 e5 22. dxe6 fxe6 23. Nxd4 Qa7 0-1

[Event "Open 150' Unita' d'Italia B"]
[Site "Torino ITA"]
[Date "2011.06.03"]
[Round "5"]
[White "Bisi, Samuele"]
[Black "Martin, Tiziano"]
[Result "1-0"]
[WhiteElo "1940"]
[BlackElo "1936"]
[PlyCount "81"]
[EventDate "2011.05.31"]

1. d4 d6 2. c4 e5 3. d5 Be7 4. Nf3 f5 5. Nc3 Nf6 6. g3 O-O 7. Bg2 a5 8. O-O Na6
9. e4 fxe4 10. Ng5 Bg4 11. Qc2 Nc5 12. Ncxe4 Nfxe4 13. Nxe4 Bf5 14. Bd2 Qe8 15.
Rae1 Qg6 16. Bc3 a4 17. Qe2 Nxe4 18. Bxe4 Bg5 19. c5 Bxe4 20. Qxe4 Qxe4 21.
Rxe4 Rf3 22. cxd6 cxd6 23. Bb4 Rd3 24. Bxd6 Rxd5 25. Rxe5 Rxd6 26. Rxg5 Rb6 27.
Rc1 Rf8 28. Rc7 Rf7 29. Rc2 Rd7 30. Rg4 Rd1+ 31. Kg2 Rb1 32. Rc8+ Kf7 33. Rc7+
Kf6 34. Rxa4 R1xb2 35. Rf4+ Kg6 36. Rg4+ Kh6 37. Rgxg7 Rf6 38. Rxh7+ Kg6 39.
Rcg7+ Kf5 40. Rxb7 Rxa2 41. Rhf7 1-0

[Event "Open 150' Unita' d'Italia B"]
[Site "Torino ITA"]
[Date "2011.06.03"]
[Round "5"]
[White "Blundo, Michele"]
[Black "Iacomussi, Mario"]
[Result "1-0"]
[WhiteElo "1728"]
[BlackElo "1755"]
[PlyCount "77"]
[EventDate "2011.05.31"]

1. d4 Nf6 2. c4 g6 3. Nc3 d5 4. Nf3 Bg7 5. e3 O-O 6. Be2 Na6 7. a3 c6 8. O-O
Nc7 9. Re1 Bg4 10. b3 Rc8 11. Bb2 a6 12. Rc1 Ne6 13. h3 Bxf3 14. Bxf3 Ng5 15.
cxd5 cxd5 16. Be2 b5 17. f3 Nh5 18. f4 Nxh3+ 19. gxh3 Ng3 20. Bd3 f5 21. Kh2
Nh5 22. Rg1 e6 23. Qe1 Qd6 24. Qf2 Bh6 25. Ne2 Nf6 26. b4 g5 27. Rc5 Kf7 28.
Rgc1 Rxc5 29. dxc5 Qc6 30. Be5 Nd7 31. Nd4 Qc8 32. Nf3 Rg8 33. fxg5 Bxg5 34.
Bf4 h6 35. Rg1 Qd8 36. Ne5+ Nxe5 37. Bxe5 Qe7 38. Qf3 Ke8 39. h4 1-0

[Event "Open 150' Unita' d'Italia B"]
[Site "Torino ITA"]
[Date "2011.06.03"]
[Round "5"]
[White "D'Amato, Piergiorgio"]
[Black "Abbura', Davide"]
[Result "1/2-1/2"]
[WhiteElo "1855"]
[BlackElo "1706"]
[PlyCount "39"]
[EventDate "2011.05.31"]

1. e4 e6 2. Nf3 d5 3. Nc3 Nf6 4. e5 Nfd7 5. d4 c5 6. dxc5 Nc6 7. Bf4 a6 8. Bd3
h6 9. Qe2 Nxc5 10. O-O-O Nxd3+ 11. Rxd3 Qa5 12. Kb1 Bd7 13. Rhd1 Nb4 14. R3d2
Bb5 15. Qe3 Rc8 16. a3 Nc6 17. Nxb5 Qxb5 18. Rd3 Bc5 19. Qd2 Qb6 20. Be3
1/2-1/2

[Event "Open 150' Unita' d'Italia B"]
[Site "Torino ITA"]
[Date "2011.06.03"]
[Round "5"]
[White "De Renzi, Giuseppe"]
[Black "Casarin, Renato"]
[Result "0-1"]
[WhiteElo "1550"]
[BlackElo "1587"]
[PlyCount "108"]
[EventDate "2011.05.31"]

1. Nf3 d5 2. d4 c6 3. g3 Nf6 4. Bg2 Bf5 5. c4 e6 6. Nbd2 Be7 7. b3 Nbd7 8. Bb2
Qc7 9. O-O O-O 10. h3 Rfe8 11. Nh4 Bg6 12. Nxg6 hxg6 13. cxd5 exd5 14. Rc1 Qa5
15. a4 Bb4 16. Rc2 Re6 17. e3 Rae8 18. Qc1 Bxd2 19. Qxd2 Qxd2 20. Rxd2 Ne4 21.
Bxe4 Rxe4 22. Bc3 f5 23. Re1 Nf6 24. Rde2 g5 25. f3 R4e6 26. Kf2 Kf7 27. b4 Kg6
28. Bd2 Kf7 29. Rc1 g4 30. h4 gxf3 31. Kxf3 Ne4 32. Rce1 Rh8 33. Rc1 g5 34.
hxg5 Nxg5+ 35. Kg2 Rhe8 36. Rce1 Ne4 37. Kf3 Rg8 38. Rg1 Reg6 39. Be1 Rg4 40.
Reg2 Ng5+ 41. Ke2 Re8 42. Bd2 Rxd4 43. Rf1 Kg6 44. Rgf2 Rxd2+ 45. Kxd2 Ne4+ 46.
Kd3 Nxf2+ 47. Rxf2 Re4 48. Rf4 Kg5 49. Ke2 Rxf4 50. gxf4+ Kg4 51. Kd3 Kf3 52.
Kd4 b6 53. b5 c5+ 54. Kxd5 Kxe3 0-1

[Event "Open 150' Unita' d'Italia B"]
[Site "Torino ITA"]
[Date "2011.06.03"]
[Round "5"]
[White "Di Chiara, Mauro"]
[Black "Gussone, Claudio"]
[Result "1-0"]
[WhiteElo "1955"]
[BlackElo "1773"]
[PlyCount "97"]
[EventDate "2011.05.31"]

1. Nf3 f5 2. d3 Nf6 3. e4 fxe4 4. dxe4 Nxe4 5. Bd3 Nf6 6. Ng5 g6 7. Nxh7 Rg8 8.
Nxf8 Kxf8 9. Nc3 d5 10. Bf4 Nc6 11. Qf3 g5 12. Bd2 e5 13. Nxd5 Qxd5 14. Qxf6+
Qf7 15. Qxf7+ Kxf7 16. Bc4+ Be6 17. Bxe6+ Kxe6 18. O-O-O Kf5 19. f3 Rad8 20.
Be3 a6 21. Rxd8 Rxd8 22. Rd1 Rxd1+ 23. Kxd1 Nb4 24. a3 Nd5 25. Ke2 b5 26. Kd3
c6 27. g4+ Kf6 28. Ke4 a5 29. Bf2 Nf4 30. h4 gxh4 31. Bxh4+ Ke6 32. Bg3 Ng6 33.
Be1 a4 34. Bc3 Kd6 35. Bd2 Ke6 36. f4 exf4 37. Bxf4 c5 38. Bg3 Nf8 39. Bf2 Nd7
40. g5 b4 41. Be3 bxa3 42. bxa3 Kd6 43. Kf5 Nf8 44. g6 Nxg6 45. Kxg6 Kd5 46.
Kf5 Kc4 47. Bd2 Kd4 48. Ke6 c4 49. Kd6 1-0

[Event "Open 150' Unita' d'Italia B"]
[Site "Torino ITA"]
[Date "2011.06.03"]
[Round "5"]
[White "Figari, Andrea"]
[Black "Guerra, Mirko"]
[Result "1-0"]
[WhiteElo "1841"]
[BlackElo "1674"]
[PlyCount "89"]
[EventDate "2011.05.31"]

1. e4 c5 2. Nf3 e6 3. Nc3 Nc6 4. Be2 d6 5. d3 Nf6 6. Bd2 Be7 7. O-O O-O 8. Re1
Re8 9. Bf1 a6 10. Ne2 e5 11. Ng3 Bg4 12. Be2 Qd7 13. h3 Be6 14. c3 h6 15. Qc1
Bf8 16. Kh2 d5 17. Nh4 dxe4 18. dxe4 Ne7 19. Rd1 Qc8 20. Nf3 Ng6 21. h4 Ng4+
22. Kg1 c4 23. h5 Bc5 24. Rf1 Ne7 25. Nh4 Kh7 26. Qc2 g6 27. hxg6+ fxg6 28. Qc1
Rf8 29. Bxg4 Bxg4 30. Bxh6 Rf7 31. Qg5 Qe6 32. Qd2 Qf6 33. Bg5 Qe6 34. Kh2 Rh8
35. f3 Bh5 36. Nxh5 gxh5 37. Rad1 Ng6 38. Qd5 Nf4 39. Bxf4 Qxd5 40. Rxd5 Rxf4
41. g3 Rxh4+ 42. gxh4 Be3 43. Rd7+ Kh6 44. Rfd1 Bf4+ 45. Kh3 1-0

[Event "Open 150' Unita' d'Italia B"]
[Site "Torino ITA"]
[Date "2011.06.03"]
[Round "5"]
[White "Labarthe, Arnaud"]
[Black "Razzano, Lorenzo"]
[Result "1-0"]
[WhiteElo "1877"]
[BlackElo "1951"]
[PlyCount "101"]
[EventDate "2011.05.31"]

1. d4 g6 2. e4 Bg7 3. f4 c5 4. d5 d6 5. Nf3 Nf6 6. Nc3 O-O 7. Be2 e6 8. O-O
exd5 9. exd5 b6 10. Rb1 Na6 11. f5 Nc7 12. fxg6 fxg6 13. Ng5 h6 14. Nge4 Nxe4
15. Nxe4 Rxf1+ 16. Bxf1 Bf5 17. Qf3 Qe7 18. Nc3 Bxc2 19. Ra1 Rf8 20. Qg4 Kh7
21. Bd2 Bd4+ 22. Kh1 Bf5 23. Qf3 Bxc3 24. bxc3 Be4 25. Qe3 Qh4 26. Be1 Qf4 27.
Qxf4 Rxf4 28. Bg3 Rf6 29. c4 a6 30. Rd1 Rf7 31. Bxd6 Ne8 32. Bg3 Nf6 33. Re1
Bf5 34. a4 Rd7 35. h3 h5 36. Bh4 Kg7 37. Re3 Kf7 38. Rb3 Rb7 39. a5 Nd7 40. Bg3
Kf6 41. Be2 Be4 42. Bh2 b5 43. Re3 Bf5 44. g4 hxg4 45. hxg4 Bc2 46. Re6+ Kg5
47. cxb5 axb5 48. a6 Ra7 49. Bxb5 Bb3 50. Re7 c4 51. Rxd7 1-0

[Event "Open 150' Unita' d'Italia B"]
[Site "Torino ITA"]
[Date "2011.06.03"]
[Round "5"]
[White "Manunta, Andrea"]
[Black "Cepparrone, Daniele"]
[Result "1-0"]
[WhiteElo "1882"]
[BlackElo "1665"]
[PlyCount "111"]
[EventDate "2011.05.31"]

1. d4 d5 2. c4 c6 3. Nf3 Nf6 4. e3 g6 5. Nbd2 Bg7 6. g3 O-O 7. Bg2 dxc4 8. Ne5
Nbd7 9. Ndxc4 Qc7 10. f4 c5 11. O-O cxd4 12. exd4 Nxe5 13. Nxe5 Be6 14. Be3 Bd5
15. Rc1 Qd6 16. Bxd5 Nxd5 17. Bf2 Rac8 18. Qb3 Nb6 19. Rxc8 Nxc8 20. Qxb7 Qb6
21. Qxb6 Nxb6 22. Rc1 Nd5 23. Rc5 e6 24. a3 Rb8 25. b4 Rb7 26. Nd3 Nb6 27. Ne5
Kf8 28. Kf1 Nd7 29. Rc3 Nb6 30. Ke2 Nd5 31. Rc2 f6 32. Nd3 Rc7 33. Rxc7 Nxc7
34. Nc5 Ke7 35. Nd3 a6 36. Be1 Kd7 37. Nc5+ Kc6 38. Kd3 Kd5 39. Bc3 Bf8 40. Ne4
Be7 41. Bb2 Nb5 42. Nf2 Bd8 43. Ng4 Nd6 44. Ne3+ Kc6 45. a4 Bb6 46. Ba3 Bc7 47.
Bb2 Bb6 48. Nc4 Nf5 49. g4 Ne7 50. Bc1 Nd5 51. Bd2 Bc7 52. Ke4 Bd6 53. Nxd6
Kxd6 54. f5 exf5+ 55. gxf5 g5 56. Be1 1-0

[Event "Open 150' Unita' d'Italia B"]
[Site "Torino ITA"]
[Date "2011.06.03"]
[Round "5"]
[White "Maschietti, Giampaolo"]
[Black "Fassio, Francesco"]
[Result "0-1"]
[WhiteElo "1422"]
[BlackElo "1661"]
[PlyCount "68"]
[EventDate "2011.05.31"]

1. e4 e5 2. Bc4 Nf6 3. d3 Nc6 4. Nc3 Na5 5. Bb3 Nxb3 6. axb3 Be7 7. Nf3 d6 8.
O-O Be6 9. Ng5 Bd7 10. f4 h6 11. Nf3 Bg4 12. h3 Bxf3 13. Qxf3 exf4 14. Bxf4 c6
15. Ne2 Qd7 16. Qe3 b6 17. Ng3 g5 18. Bxd6 Qxd6 19. e5 Qe6 20. d4 Nd5 21. Qe4
Nf4 22. Nf5 Bf8 23. c4 f6 24. Nd6+ Bxd6 25. Qxc6+ Kf7 26. exd6 Rhc8 27. Qb7+
Kg6 28. Rxa7 Rxa7 29. Qxa7 Qxd6 30. Qb7 Qxd4+ 31. Kh2 Re8 32. Ra1 Re2 33. Rg1
Nxh3 34. Qf3 Nxg1 0-1

[Event "Open 150' Unita' d'Italia B"]
[Site "Torino ITA"]
[Date "2011.06.03"]
[Round "5"]
[White "Militello, Michele"]
[Black "Ivaldo, Fabrizio"]
[Result "1/2-1/2"]
[WhiteElo "1811"]
[BlackElo "1925"]
[PlyCount "37"]
[EventDate "2011.05.31"]

1. d4 d5 2. Nf3 e6 3. e3 f5 4. c4 c6 5. b3 Nf6 6. Be2 Nbd7 7. O-O Ne4 8. Qc2
Ndf6 9. Ne5 Be7 10. Ba3 Bxa3 11. Nxa3 Qa5 12. Qb2 Qd2 13. Qxd2 Nxd2 14. Rfd1
Nde4 15. Rac1 O-O 16. c5 Nd7 17. Nb1 Ndf6 18. Nd2 Nxd2 19. Rxd2 1/2-1/2

[Event "Open 150' Unita' d'Italia B"]
[Site "Torino ITA"]
[Date "2011.06.03"]
[Round "5"]
[White "Negro, Francesco P."]
[Black "Cacinschi, Alexandru"]
[Result "0-1"]
[WhiteElo "1784"]
[BlackElo "1974"]
[PlyCount "94"]
[EventDate "2011.05.31"]

1. b3 Nf6 2. Bb2 e6 3. g3 d5 4. d3 c5 5. Nd2 Nc6 6. e3 e5 7. Bg2 Be6 8. Ne2 Bd6
9. a3 Qd7 10. f4 Bh3 11. Bxh3 Qxh3 12. fxe5 Bxe5 13. Bxe5 Nxe5 14. Nf4 Qd7 15.
Nf3 Neg4 16. Qd2 O-O 17. O-O Rfe8 18. Rae1 Qe7 19. Ng2 Rad8 20. h3 Ne5 21. Nf4
Rd6 22. Qg2 Ned7 23. Kh1 h6 24. Nd2 g5 25. e4 gxf4 26. gxf4+ Kh8 27. e5 Re6 28.
exf6 Nxf6 29. Rxe6 Qxe6 30. Nf3 Rg8 31. Re1 Qf5 32. Re5 Qxf4 33. Qe2 Qg3 34.
Re3 d4 35. Re7 Qxh3+ 36. Nh2 Qg3 37. Qf1 Qg7 38. Re2 Nh5 39. Rg2 Ng3+ 40. Rxg3
Qxg3 41. Qf6+ Qg7 42. Qf2 Re8 43. Nf3 Re3 44. Ng1 Rg3 45. Kh2 Rxg1 46. Qxg1
Qxg1+ 47. Kxg1 Kg7 0-1

[Event "Open 150' Unita' d'Italia B"]
[Site "Torino ITA"]
[Date "2011.06.03"]
[Round "5"]
[White "Turini, Gianluca"]
[Black "Riccardi, Mauro"]
[Result "0-1"]
[WhiteElo "1809"]
[BlackElo "1833"]
[PlyCount "56"]
[EventDate "2011.05.31"]

1. d4 Nf6 2. c4 g6 3. Nc3 d5 4. Nf3 Bg7 5. Bg5 Ne4 6. Bh4 Nxc3 7. bxc3 c5 8. e3
Nc6 9. Be2 O-O 10. O-O dxc4 11. Bxc4 Na5 12. Bd3 Be6 13. Qa4 c4 14. Be2 Re8 15.
Nd2 Bd7 16. Qb4 b5 17. Bf3 Rc8 18. Rfb1 a6 19. d5 Nb7 20. a4 a5 21. Qa3 b4 22.
cxb4 c3 23. Ne4 c2 24. d6 cxb1=Q+ 25. Rxb1 Qb6 26. Bxe7 axb4 27. Qd3 Nc5 28.
Nxc5 Qxc5 0-1

[Event "Open 150' Unita' d'Italia B"]
[Site "Torino ITA"]
[Date "2011.06.04"]
[Round "6"]
[White "Abbura', Davide"]
[Black "Militello, Michele"]
[Result "0-1"]
[WhiteElo "1706"]
[BlackElo "1811"]
[PlyCount "74"]
[EventDate "2011.05.31"]

1. e4 d6 2. d4 Nf6 3. Nc3 Nbd7 4. Nf3 e5 5. dxe5 dxe5 6. a3 Be7 7. Bg5 O-O 8.
Bd3 c6 9. O-O Qc7 10. Qe2 b5 11. Nh4 g6 12. f4 exf4 13. Bxf4 Bd6 14. g3 Be5 15.
Ng2 Nc5 16. Bxe5 Qxe5 17. Qf2 Kg7 18. Qf4 Re8 19. Qxe5 Rxe5 20. Rae1 Bh3 21. b4
Ne6 22. Nd1 Ng5 23. Nf2 Nf3+ 24. Kh1 Bxg2+ 25. Kxg2 Nxe1+ 26. Rxe1 a5 27. c4
axb4 28. axb4 Ra2 29. Kf3 g5 30. h3 h5 31. Rc1 Rb2 32. cxb5 cxb5 33. Bc2 Re7
34. Nd3 Ra2 35. e5 Nd7 36. Bb1 Rh2 37. Nc5 Nxe5+ 0-1

[Event "Open 150' Unita' d'Italia B"]
[Site "Torino ITA"]
[Date "2011.06.04"]
[Round "6"]
[White "Banchio, Davide"]
[Black "Mantovan, Giuseppe"]
[Result "0-1"]
[WhiteElo "1976"]
[BlackElo "1837"]
[PlyCount "39"]
[EventDate "2011.05.31"]

1. e4 e6 2. d3 d5 3. Nd2 Nf6 4. Ngf3 c5 5. g3 Nc6 6. Bg2 Be7 7. O-O O-O 8. e5
Nd7 9. Re1 f6 10. exf6 Nxf6 11. Bh3 e5 12. Bxc8 Qxc8 13. Nxe5 Nxe5 14. Rxe5 Bd6
15. Re1 Qh3 16. Nf1 Ng4 17. f3 Nxh2 18. Nxh2 Qxg3+ 19. Kf1 Qxh2 20. Qe2 0-1

[Event "Open 150' Unita' d'Italia B"]
[Site "Torino ITA"]
[Date "2011.06.04"]
[Round "6"]
[White "Cacinschi, Alexandru"]
[Black "Bisi, Samuele"]
[Result "1-0"]
[WhiteElo "1974"]
[BlackElo "1940"]
[PlyCount "69"]
[EventDate "2011.05.31"]

1. d4 Nf6 2. Nf3 e6 3. c4 c5 4. g3 b6 5. d5 b5 6. dxe6 fxe6 7. cxb5 d5 8. a4
Bd6 9. Bg2 O-O 10. O-O Bb7 11. Ng5 Qe7 12. Nc3 h6 13. Nh3 Nbd7 14. Nf4 Qf7 15.
a5 Rad8 16. Qc2 Bxf4 17. Bxf4 e5 18. Bd2 e4 19. Na4 Qh5 20. Bf4 d4 21. Bd6 Rf7
22. Bxc5 Rc8 23. b4 e3 24. Bxb7 Ng4 25. h4 exf2+ 26. Rxf2 Nxf2 27. Bxc8 Qg4 28.
Qb3 Qh3 29. Qxf7+ Kxf7 30. Kxf2 Qh2+ 31. Kf3 Ne5+ 32. Ke4 Qxe2+ 33. Kd5 d3 34.
b6 axb6 35. axb6 1-0